| 000 | 00460nam a2200169Ia 4500 | ||
|---|---|---|---|
| 008 | 230917s9999||||xx |||||||||||||| ||und|| | ||
| 020 | _cRS1200 | ||
| 040 |
_e237826 _aMAIN |
||
| 041 | _aEnglish | ||
| 082 | _a512.5 D993L | ||
| 100 | _aDym, Harry | ||
| 245 | 0 | _aLinear algebra in action | |
| 260 |
_aRhode Island _bAmerican Mathematical Society _c2014 |
||
| 300 | _axvi, 545 p. | ||
| 500 | _a2602 09/02/2017 RBP17/63738 17/02/2017 Main Budget | ||
| 942 | _cBK | ||
| 999 |
_c21301 _d21301 |
||